| 000 | 01258nam a2200289Ia 4500 | ||
|---|---|---|---|
| 999 |
_c6728 _d6728 |
||
| 003 | OSt | ||
| 005 | 20200625185930.0 | ||
| 008 | 191128s1976 ck gr 001 0 spa d | ||
| 040 |
_aCO-JMCR _cCO-JMCR |
||
| 041 | 1 |
_aspa _heng |
|
| 082 | 0 | 4 |
_a330.156 / _bK446t3 _223 |
| 100 | 1 |
_aKeynes, John Maynard, _eautor _95007 |
|
| 245 | 1 | 0 |
_aTeoría general de la ocupación, el interés y el dinero / _cJohn Maynard Keynes ; traducción de Eduardo Hornedo ; revisión de Ángel Martín Pérez |
| 260 |
_aBogotá : _bFondo de Cultura Económica, reimpresión, _c1965. |
||
| 300 |
_a356 páginas ; _c20 cm. |
||
| 490 | 0 | _aSección de obras de economía | |
| 500 | _aIncluye índice analítico páginas 341-353. | ||
| 505 | 0 | _aDefiniciones e ideas -- La propensión a consumir -- El incentivo para invertir -- Salarios nominales y precios -- Breves consideraciones sugeridas por la teoría general | |
| 534 | _pThe general theory of employment, interest and money | ||
| 546 | _aTraducido del inglés | ||
| 650 | 1 | 4 |
_aEconomía política _96193 |
| 650 | 2 | 4 |
_aTeorías económica _96194 |
| 650 | 1 | 4 |
_aTeoría monetaria Intereses _96195 |
| 700 | 1 |
_aHornedo, Eduardo, _etraductor _95011 |
|
| 700 | 1 |
_aMartín Pérez, Ángel, _erevisor _96196 |
|
| 942 |
_2ddc _cBK |
||